000 00563nam a22002057a 4500
003 LK-CoMWRAF
005 20231113155002.0
008 231015b1997 |||||||| |||| 00| 0 eng d
020 _a0070228221
040 _aLK-CoMWRAF
_dLK-CoMWRAF
_eLK-CoMWRAF
041 _aeng
082 _a302.2
_bGRI
100 _aGriffin, Emory A.
245 _aA first look at communication theory
250 _a3rd ed.
260 _aNew York:
_bMcGraw-Hill,
_c1997
300 _axxiv, 536 p. : ill. ; 24 cm.
_bIndex included
650 _aCOMMUNICATION-Philosophy
942 _cBK
999 _c3882
_d3882